00784 2200253 4500001002100000005001700021008004100038020001800079035002400097082001500121090002200136100003900158245014400197250001000341260003700351300001900388650002900407650002700436700001800463850001500481980001300496985000600509999001500515YOGYA-0209000003284320090227024723.0 ind  a979-514-364-6 0010-020900000032843 a959.813 61 a959.813 61bRaj P aRAJO PENGHULU, H. Idrus Hakimy, Dt aPegangan penghulu, bundo kanduang, dan pidato alua pasambahan adat di MinangkabaucH. Idrus Hakimy Dt. Rajo Penghulu; editor, Tjun Sorjaman aCet.4 aBandungbRemaja Rosdakaryac1994 a179 hlmc21 cm aHukum adat - Minangkabau aKebudayaan Minangkabau aSuryaman, Cun aYOPDYOG(B) a26-04-07 a1 a96P0078778